| 000 | 00856nam a2200241 a 4500 | ||
|---|---|---|---|
| 001 | BRCA_5905 | ||
| 005 | 20190320205246.0 | ||
| 008 | 180311s1791----sp-a######---#000-0#spa-# | ||
| 041 | _aspa | ||
| 044 | _asp | ||
| 050 | 4 |
_aTS545 _b.Z47 2 1791 |
|
| 100 | 1 |
_aZerella y Ycoaga, Manuel de _914934 |
|
| 245 | 1 | 0 |
_aTratado general y matemático de reloxería, que comprénde el módo de hacer reloxes de todas clases, y el saberlos componer y arreglar por difíciles que séan _cManuel de Zerella y Ycoaga. |
| 260 |
_aMadrid _bImprenta Real _c1791 |
||
| 300 |
_axiv, 408 p. _bil., 22 láminas _c25 cm. |
||
| 500 | _aIncluye índice alfabético y tabla de ilustraciones | ||
| 500 | _aVer también G57 (1a ed., 1789) | ||
| 500 | _aG58 | ||
| 650 | 1 | 4 |
_aRelojes _xFabricación _914935 |
| 650 | 1 | 4 |
_aRelojes _xReparación _914936 |
| 902 | _aGFM | ||
| 942 |
_2lcc _cB |
||
| 999 |
_c5594 _d5594 |
||